000 00448nam a2200181Ia 4500
003 GCL
008 140319s9999 xx 000 0 eng d
040 _aGCL /
_cGCL
082 0 4 _aCC
_b932
_bH L
100 1 _aHATIER
245 1 0 _aL'EGYPTE DES MILLENAIRES OBSCURS /
_cHATIER
260 _a[S.N] :
_bHATIER ،
_c1990
300 _a111 p
650 0 4 _aANCIENT EGYPT
650 0 4 _aARCHAEOLOGY
650 0 4 _aEGYPT - CIVILIZATION
942 _2ddc
_cBK
999 _c21337
_d21337